|
|
|
|
| LEADER |
00000nam0a2200000 4500 |
| 001 |
136076 |
| 005 |
20231101220608.0 |
| 010 |
|
|
|a 9785741805855
|
| 010 |
|
|
|a 978-5-98672-140-8
|
| 035 |
|
|
|a (RuTPU)RU\TPU\book\147468
|
| 035 |
|
|
|a RU\TPU\book\117004
|
| 090 |
|
|
|a 136076
|
| 100 |
|
|
|a 20070119d2009 m y0rusy50 ca
|
| 101 |
0 |
|
|a rus
|
| 102 |
|
|
|a RU
|
| 105 |
|
|
|a y j 001zy
|
| 200 |
1 |
|
|a Практикум по дисциплине "Рациональное использование и охрана природных ресурсов"
|e учебное пособие для вузов
|f В. С. Коваленко, В. М. Щадов, В. В. Таланин
|g Московский государственный горный университет
|
| 205 |
|
|
|a 3-е изд., стер.
|
| 210 |
|
|
|a Москва
|c Горная книга
|c Изд-во МГГУ
|d 2009
|
| 215 |
|
|
|a 105 с.
|
| 225 |
1 |
|
|a Высшее горное образование: учебно-методическое издание
|
| 320 |
|
|
|a Библиогр.: с. 104.
|
| 330 |
|
|
|a Приведены методические указания, методики расчетов, задания для практических и самостоятельных работ, список рекомендуемой литературы по учебной дисциплине «Рациональное использование и охрана природных ресурсов». Для студентов вузов, обучающихся по специальности «Открытые горные работы» направления подготовки дипломированных специалистов «Горное дело».
|
| 451 |
|
1 |
|0 (RuTPU)RU\TPU\book\117004
|y 5-7418-0411-X
|t Практикум по дисциплине "Рациональное использование и охрана природных ресурсов"
|o учебное пособие для вузов
|f В. С. Коваленко, В. М. Щадов, В. В. Таланин
|g Московский государственный горный университет
|c М.
|n Изд-во МГГУ
|d 2007
|p 105 с.
|s Высшее горное образование
|a Коваленко, Владимир Сергеевич
|
| 606 |
1 |
|
|a Природные ресурсы
|x Рациональное использование
|2 stltpush
|3 (RuTPU)RU\TPU\subj\38965
|9 59209
|
| 610 |
1 |
|
|a земельные ресурсы
|
| 610 |
1 |
|
|a почва
|
| 610 |
1 |
|
|a атмосфера
|
| 610 |
1 |
|
|a атмосферный воздух
|
| 610 |
1 |
|
|a водные ресурсы
|
| 610 |
1 |
|
|a подземные воды
|
| 610 |
1 |
|
|a сточные воды
|
| 610 |
1 |
|
|a карьерные воды
|
| 610 |
1 |
|
|a экология
|
| 610 |
1 |
|
|a учебные пособия
|
| 610 |
1 |
|
|a практические работы
|
| 610 |
1 |
|
|a самостоятельные работы
|
| 610 |
1 |
|
|a методические указания
|
| 610 |
1 |
|
|a расчетные методики
|
| 610 |
1 |
|
|a задания
|
| 675 |
|
|
|a 504.062(075.8)
|v 3
|
| 700 |
|
1 |
|a Коваленко
|b В. С.
|g Владимир Сергеевич
|
| 701 |
|
1 |
|a Щадов
|b В. М.
|g Владимир Михайлович
|
| 701 |
|
1 |
|a Таланин
|b В. В.
|g Владимир Вадимович
|
| 712 |
0 |
2 |
|a Московский государственный горный университет
|2 stltpush
|3 (RuTPU)RU\TPU\col\453
|
| 801 |
|
1 |
|a RU
|b 63413507
|c 20080418
|g PSBO
|
| 801 |
|
2 |
|a RU
|b 63413507
|c 20150206
|g RCR
|
| 900 |
|
|
|a Рациональное природопользование и охрана природных ресурсов
|
| 942 |
|
|
|c BK
|
| 951 |
|
|
|b 130400
|b 130403
|
| 959 |
|
|
|a 44/20080417
|d 1
|e 135,00
|f ЧЗТЛ:1
|
| 959 |
|
|
|a 109/20091021
|d 1
|e 160,00
|f ЧЗТЛ:1
|